00989nam a22003017a 45000050016000000080041000160100015000570200026000720350013000980370015001110400018001260820010001441000010001541100010001642450066001742600037002402700127002773000024004045000020004286000010004486100010004586510010004687000018004787100010004969420024005069990017005309520140005472011062406136.0110624t xxu||||| |||| 00| 0 eng d aENG-102641 c395.00a9789380177496 aEN-86174 bDBAD / PUB adplbEnglish  a793.2 928493 928532 aParty games for all occasions /ccomplied & edited by Vanita aNew DelhibVij Books Indiac2011 a4675-A, Ansari Road, Darya GanjbNew Delhie110002k91-11-65449971,91-11-43596460l91-11-30126465mvijbooks@rediffmail.com a153p. c22cm (pbk)  aIncludes index. 928594 928529 928530 928520aVanita 928535 2ddccENmPARh793.2 c53178d53178 00102ddc40718NFICaDBADbDBADd2011-06-24eDBAD/PUBg395.00l0o793.2 PARpEN-86174r2011-06-24 00:00:00t1v395.00w2011-06-24yEN